00217pam a2200097 a 4500020000500000041000800005100002100013245004300034260003200077300001000109 c aeng aSullivan .J.W.N. aThe Basis Of ModernhTextual Documents aNew YorkbPenguin Books Ltd a213p.